<?xml version="1.0" encoding="UTF-8"?>
<record
    xmlns:xsi="http://www.w3.org/2001/XMLSchema-instance"
    xsi:schemaLocation="http://www.loc.gov/MARC21/slim http://www.loc.gov/standards/marcxml/schema/MARC21slim.xsd"
    xmlns="http://www.loc.gov/MARC21/slim">

  <leader>00695nam a22001937a 4500</leader>
  <controlfield tag="005">20241206161653.0</controlfield>
  <controlfield tag="008">241206b           ||||| |||| 00| 0 eng d</controlfield>
  <datafield tag="020" ind1=" " ind2=" ">
    <subfield code="a">9789357784023</subfield>
  </datafield>
  <datafield tag="040" ind1=" " ind2=" ">
    <subfield code="c">AL</subfield>
  </datafield>
  <datafield tag="041" ind1=" " ind2=" ">
    <subfield code="a">eng</subfield>
  </datafield>
  <datafield tag="082" ind1=" " ind2=" ">
    <subfield code="2">23</subfield>
    <subfield code="a">347.06054</subfield>
    <subfield code="b">TAXT</subfield>
  </datafield>
  <datafield tag="100" ind1=" " ind2=" ">
    <subfield code="a">Taxmann</subfield>
    <subfield code="9">188458</subfield>
  </datafield>
  <datafield tag="245" ind1=" " ind2=" ">
    <subfield code="a">Taxmanns bharatiya sakshya adhiniyam 2023</subfield>
    <subfield code="b">: with comparative study of bharatiya sakshya adhiniyam 2023 and Indian evidence act 1872</subfield>
  </datafield>
  <datafield tag="260" ind1=" " ind2=" ">
    <subfield code="a">New Delhi</subfield>
    <subfield code="b">Taxmann Publications Pvt. Ltd</subfield>
    <subfield code="c">2024</subfield>
  </datafield>
  <datafield tag="300" ind1=" " ind2=" ">
    <subfield code="a">224p.</subfield>
    <subfield code="b">PB</subfield>
    <subfield code="c">24x16cm.</subfield>
  </datafield>
  <datafield tag="365" ind1=" " ind2=" ">
    <subfield code="2">General</subfield>
    <subfield code="a">1060</subfield>
    <subfield code="b">&#x20B9;142.35</subfield>
    <subfield code="c">&#x20B9;</subfield>
    <subfield code="d">&#x20B9;195.00</subfield>
    <subfield code="e">27%</subfield>
    <subfield code="f">28-11-2024</subfield>
  </datafield>
  <datafield tag="650" ind1=" " ind2=" ">
    <subfield code="2">Courts and Procedure</subfield>
    <subfield code="a">Societies, bar Association</subfield>
    <subfield code="9">188459</subfield>
  </datafield>
  <datafield tag="942" ind1=" " ind2=" ">
    <subfield code="2">ddc</subfield>
    <subfield code="c">BK</subfield>
  </datafield>
  <datafield tag="999" ind1=" " ind2=" ">
    <subfield code="c">232245</subfield>
    <subfield code="d">232245</subfield>
  </datafield>
  <datafield tag="952" ind1=" " ind2=" ">
    <subfield code="0">0</subfield>
    <subfield code="1">0</subfield>
    <subfield code="2">ddc</subfield>
    <subfield code="4">0</subfield>
    <subfield code="7">0</subfield>
    <subfield code="8">Law</subfield>
    <subfield code="a">LL</subfield>
    <subfield code="b">LL</subfield>
    <subfield code="d">2024-12-05</subfield>
    <subfield code="e">MPP House, Bengaluru</subfield>
    <subfield code="g">142.35</subfield>
    <subfield code="l">0</subfield>
    <subfield code="o">347.06054 TAXT</subfield>
    <subfield code="p">LL000775</subfield>
    <subfield code="r">2024-12-06 00:00:00</subfield>
    <subfield code="v">195.00</subfield>
    <subfield code="w">2024-12-06</subfield>
    <subfield code="y">BK</subfield>
  </datafield>
  <datafield tag="952" ind1=" " ind2=" ">
    <subfield code="0">0</subfield>
    <subfield code="1">0</subfield>
    <subfield code="2">ddc</subfield>
    <subfield code="4">0</subfield>
    <subfield code="7">0</subfield>
    <subfield code="8">Law</subfield>
    <subfield code="a">LL</subfield>
    <subfield code="b">LL</subfield>
    <subfield code="d">2024-12-05</subfield>
    <subfield code="e">MPP House, Bengaluru</subfield>
    <subfield code="g">142.35</subfield>
    <subfield code="l">0</subfield>
    <subfield code="o">347.06054 TAXT</subfield>
    <subfield code="p">LL000776</subfield>
    <subfield code="r">2024-12-06 00:00:00</subfield>
    <subfield code="v">195.00</subfield>
    <subfield code="w">2024-12-06</subfield>
    <subfield code="y">BK</subfield>
  </datafield>
  <datafield tag="952" ind1=" " ind2=" ">
    <subfield code="0">0</subfield>
    <subfield code="1">0</subfield>
    <subfield code="2">ddc</subfield>
    <subfield code="4">0</subfield>
    <subfield code="7">0</subfield>
    <subfield code="8">Law</subfield>
    <subfield code="a">LL</subfield>
    <subfield code="b">LL</subfield>
    <subfield code="d">2024-12-05</subfield>
    <subfield code="e">MPP House, Bengaluru</subfield>
    <subfield code="g">142.35</subfield>
    <subfield code="l">0</subfield>
    <subfield code="o">347.06054 TAXT</subfield>
    <subfield code="p">LL000777</subfield>
    <subfield code="r">2024-12-06 00:00:00</subfield>
    <subfield code="v">195.00</subfield>
    <subfield code="w">2024-12-06</subfield>
    <subfield code="y">BK</subfield>
  </datafield>
  <datafield tag="952" ind1=" " ind2=" ">
    <subfield code="0">0</subfield>
    <subfield code="1">0</subfield>
    <subfield code="2">ddc</subfield>
    <subfield code="4">0</subfield>
    <subfield code="7">0</subfield>
    <subfield code="8">Law</subfield>
    <subfield code="a">LL</subfield>
    <subfield code="b">LL</subfield>
    <subfield code="d">2024-12-05</subfield>
    <subfield code="e">MPP House, Bengaluru</subfield>
    <subfield code="g">142.35</subfield>
    <subfield code="l">0</subfield>
    <subfield code="o">347.06054 TAXT</subfield>
    <subfield code="p">LL000778</subfield>
    <subfield code="r">2024-12-06 00:00:00</subfield>
    <subfield code="v">195.00</subfield>
    <subfield code="w">2024-12-06</subfield>
    <subfield code="y">BK</subfield>
  </datafield>
  <datafield tag="952" ind1=" " ind2=" ">
    <subfield code="0">0</subfield>
    <subfield code="1">0</subfield>
    <subfield code="2">ddc</subfield>
    <subfield code="4">0</subfield>
    <subfield code="7">0</subfield>
    <subfield code="8">Law</subfield>
    <subfield code="a">LL</subfield>
    <subfield code="b">LL</subfield>
    <subfield code="d">2024-12-05</subfield>
    <subfield code="e">MPP House, Bengaluru</subfield>
    <subfield code="g">142.35</subfield>
    <subfield code="l">0</subfield>
    <subfield code="o">347.06054 TAXT</subfield>
    <subfield code="p">LL000779</subfield>
    <subfield code="r">2024-12-06 00:00:00</subfield>
    <subfield code="v">195.00</subfield>
    <subfield code="w">2024-12-06</subfield>
    <subfield code="y">BK</subfield>
  </datafield>
</record>
